Heritage of freedom : (Record no. 9799)
[ view plain ]
| 000 -LEADER | |
|---|---|
| fixed length control field | 00872cam a22002772a 4500 |
| 001 - CONTROL NUMBER | |
| JCCL Control Number | 9799 |
| 003 - CONTROL NUMBER IDENTIFIER | |
| JCCL marc code | BD -JCC |
| 005 - DATE AND TIME OF LATEST TRANSACTION | |
| control field | 20180401105401.0 |
| 008 - FIXED-LENGTH DATA ELEMENTS--GENERAL INFORMATION | |
| fixed length control field | 500101s1985 nyuab 000 0 eng d |
| 020 ## - INTERNATIONAL STANDARD BOOK NUMBER | |
| International Standard Book Number | 0021154406 |
| 035 ## - SYSTEM CONTROL NUMBER | |
| system control number | OCLC 11219652 from tjko25 |
| -- | (BD -JCC)9799 |
| 040 ## - CATALOGING SOURCE | |
| Original cataloging agency | SEN |
| Transcribing agency | SEN |
| Modifying agency | m/c |
| -- | OCL |
| -- | EQO |
| -- | BD -JCC |
| 041 ## - LANGUAGE CODE | |
| Language code of Book | eng |
| 082 ## - DEWEY DECIMAL CLASSIFICATION NUMBER | |
| Author mark and Year | RIT 1986 |
| Classification number | 973 |
| 090 ## - LOCALLY ASSIGNED LC-TYPE CALL NUMBER (OCLC); LOCAL CALL NUMBER (OCLC) | |
| Classification number (OCLC) (R) ; Classification number, CALL (RLIN) (NR) | E178.1 |
| Local cutter number (OCLC) ; Book number/undivided call number, CALL (RLIN) | .R58 1985 |
| 100 1# - MAIN ENTRY--PERSONAL NAME | |
| Personal name | Ritchie, Donald A., |
| Dates associated with a name | 1945- |
| 245 10 - TITLE STATEMENT | |
| Title | Heritage of freedom : |
| Remainder of title | history of the United States / |
| Statement of responsibility, etc | Donald A. Ritchie |
| 260 ## - PUBLICATION, DISTRIBUTION, ETC. (IMPRINT) | |
| Place of publication, distribution, etc | New York : |
| Name of publisher, distributor, etc | Macmillan, |
| Date of publication, distribution, etc | c1985. |
| 300 ## - PHYSICAL DESCRIPTION | |
| Pagination | xiii, 850 p. : |
| Other physical details | ill., maps ; |
| Dimensions | 26 cm |
| 500 ## - GENERAL NOTE | |
| General note | "Portions of this book were adopted from History of a Free People." |
| 500 ## - GENERAL NOTE | |
| General note | Includes index |
| 651 #0 - SUBJECT ADDED ENTRY--GEOGRAPHIC NAME | |
| Geographic name | United States |
| General subdivision | History. |
| 651 #0 - SUBJECT ADDED ENTRY--GEOGRAPHIC NAME | |
| Geographic name | United States |
| General subdivision | History |
| Form subdivision | Textbooks. |
| 942 ## - ADDED ENTRY ELEMENTS (KOHA) | |
| Source of classification or shelving scheme | Dewey Decimal Classification |
| Koha item type | Books |
| Source of classification or shelving scheme | Damaged status | Not for loan | Home library | Current library | Shelving location | Date of accession | Total Checkouts | Full call number | Barcode | Date last seen | Copy number | Koha item type |
|---|---|---|---|---|---|---|---|---|---|---|---|---|
| Dewey Decimal Classification | JCC Rouf Library | JCC Rouf Library | General Stacks | 04/01/2018 | 973 RIT 1986 | 13199 | 04/01/2018 | C-1 | Books |